| 000 | 00388pab a2200157 454500 | ||
|---|---|---|---|
| 008 | 180718b2004 xxu||||| |||| 00| 0 eng d | ||
| 100 | _aVijay Kumar | ||
| 245 | _aSouth Asia: emerging challenges to security | ||
| 260 | _c2004 | ||
| 300 | _ap.5-7. | ||
| 362 | _a15 May | ||
| 650 | _aState security - South Asia | ||
| 650 | _aState security | ||
| 773 | _aYoung Indian | ||
| 909 | _a60448 | ||
| 999 |
_c60448 _d60448 |
||